000 00377nam a22001457a 4500
003 OSt
005 20160727222358.0
008 160622b xxu||||| |||| 00| 0 eng d
040 _cTEST
100 _9618
_aCousins, N
245 _aAlbert Schweitzer Reverence for Life
260 _aAm
_bHallmark Card Inc
_c1971
300 _aAlbert Schweitzer Reverence for Life
942 _2ddc
_cBK
999 _c503
_d503